000 01095naa a22003491a 4500
003 CO-BoRNBP
005 20241106114400.0
007 ta
008 990414s1998 ck g000 s spa c
020 _a9477208
040 _aCO-BoUNC
_bspa
_cCO-BoRNBP
_erda
082 _a327.861087
_bM678o
110 _aMisión Siglo XXI
_943617
245 1 _aLa Orinoquia y la integración colombo-venezolana /
_ced. Corpes Orinoquia
250 _aPrimera edición
300 _a203 p
336 _2rdacontenido
_atexto
_btxt
337 _2rdamedio
_asin mediación
_bn
338 _2rdasoporte
_avolumen
_bnc
650 1 _aIntegración económica
_2ARMARC
_97226
650 1 _aRelaciones internacionales
_2ARMARC
_942346
650 1 _aRelaciones comerciales
_2ARMARC
_910184
650 1 _aCooperación internacional
_2ARMARC
_914351
650 1 _aPolítica gubernamental
_2ARMARC
_912241
650 1 _aEstructura económica
_2ARMARC
_943618
651 _aOrinoquia
_943619
651 _aVillavicencio
_943620
651 _aMeta
_943621
651 _aColombia
_943622
942 _2ddc
_cBK
967 _aLLH
999 _c38526
_d38526